Catfish and the Bottlemen Lyrics - Pacifier - Statistics

General Stats
  • This quiz has been taken 23 times
  • The average score is 177 of 242
Answer Stats
Lyrics % Correct
I
100%
some
94%
on
88%
to
88%
you
88%
You
88%
always
81%
An
81%
didn't
81%
Evidently
81%
hide
81%
like
81%
looked
81%
need
81%
obsessed"
81%
"Oh,
81%
Oh,
81%
oh,
81%
oh)
81%
(Ooh,
81%
overdressed
81%
pacifier
81%
please,
81%
said,
81%
said
81%
She
81%
she
81%
someone
81%
something
81%
Something
81%
that
81%
that,
81%
There's
81%
with
81%
woah-
81%
you're
81%
And
75%
and
75%
deffo
75%
I'm
75%
it
75%
lead
75%
no
75%
or
75%
proved
75%
it's
69%
"It's
69%
me
69%
obligatory
69%
When
69%
babe
63%
but,
63%
but
63%
But,
63%
don't
63%
feels
63%
have
63%
how
63%
Just
63%
know
63%
lose
63%
my
63%
never
63%
nothin'
63%
one
63%
say
63%
tried
63%
will,
63%
will
63%
detest!"
56%
failed,
56%
I've
56%
of
56%
pacifically
56%
snide
56%
underslept
56%
want
56%
wine
56%
at
50%
had
50%
mother
50%
put
50%
see,
50%
They
50%
thirteen
50%
too
50%
feelin'
44%
her
44%
kid
44%
took
44%
yeah
31%
No matching quizzes found
Score Distribution
Percent of People with Each Score
Percentile by Number Answered
Your Score History
You have not taken this quiz